Nomi Maschili italiani più diffusi - Statistics

Statistiche generali
  • Questo quiz è stato fatto 1.505 volte
  • Il punteggio medio è 9 su 20
Statistiche sulle risposte
Hint Risposta % Corretto
6 Francesco
85%
2 Giovanni
78%
1 Giuseppe
71%
15 Paolo
70%
3 Antonio
68%
4 Mario
64%
9 Pietro
58%
11 Carlo
48%
5 Luigi
48%
16 Michele
45%
17 Giorgio
39%
10 Salvatore
38%
12 Franco
33%
8 Vincenzo
33%
7 Angelo
30%
13 Domenico
27%
18 Aldo
20%
19 Sergio
16%
14 Bruno
15%
20 Luciano
15%
Nessun quiz corrispondente trovato
Distribuzione punteggi
Percentuale di utenti per punteggio
Percentile per numero di risposta
I tuoi punteggi nel tempo
Non hai fatto questo quiz